[Event "DEM U10 2021"]
[Site "Willingen GER"]
[Date "2021.08.28"]
[Round "9"]
[White "Merenda, Lukas-Benedikt"]
[Black "Mandalka, Justus"]
[Result "1-0"]
[Termination "normal"]
[Board "9"]
[WhiteElo "1222"]
[BlackElo "1440"]
[WhiteClock "00:34:07"]
[BlackClock "00:09:23"]
[PlyCount "119"]
[WhiteFideId "34603336"]
[BlackFideId "16298144"]
[EventCountry "GER"]
[EventRounds "11"]
[EventType "swiss"]
[EventDate "2021.08.22"]

1. e4 {[%clk 01:15:59]} c5 {[%clk 01:15:53]} {[%emt 00:00:07]} 2. Nc3 {[%clk
01:16:20]} {[%emt 00:00:08]} Nc6 {[%clk 01:15:55]} {[%emt 00:00:28]} 3. Bb5
{[%clk 01:16:44]} {[%emt 00:00:06]} Nd4 {[%clk 01:15:39]} {[%emt 00:00:47]} 4.
Nf3 {[%clk 01:16:39]} {[%emt 00:00:34]} g6 {[%clk 01:14:37]} {[%emt 00:01:32]}
5. Bc4 {[%clk 01:15:57]} {[%emt 00:01:13]} Bg7 {[%clk 01:13:41]} {[%emt
00:01:25]} 6. Nxd4 {[%clk 01:15:24]} {[%emt 00:01:04]} cxd4 {[%clk 01:13:14]}
{[%emt 00:00:57]} 7. Qf3 {[%clk 01:15:48]} {[%emt 00:00:06]} e6 {[%clk
01:09:26]} {[%emt 00:04:18]} 8. Nb5 {[%clk 01:16:03]} {[%emt 00:00:15]} d6
{[%clk 01:08:49]} {[%emt 00:01:07]} 9. Qa3 {[%clk 01:14:34]} {[%emt 00:01:59]}
Ke7 {[%clk 01:00:35]} {[%emt 00:08:43]} 10. c3 {[%clk 01:13:50]} {[%emt
00:01:15]} dxc3 {[%clk 00:59:42]} {[%emt 00:01:23]} 11. dxc3 {[%clk 01:13:39]}
{[%emt 00:00:41]} a6 {[%clk 00:58:15]} {[%emt 00:01:57]} 12. Be2 {[%clk
01:13:16]} {[%emt 00:00:53]} Rb8 {[%clk 00:56:35]} {[%emt 00:02:10]} 13. Na7
{[%clk 01:12:22]} {[%emt 00:01:24]} Qc7 {[%clk 00:53:43]} {[%emt 00:03:20]} 14.
Be3 {[%emt 00:08:30]} Nh6 {[%clk 00:47:38]} {[%emt 00:00:02]} 15. Rd1 {[%clk
01:10:09]} {[%emt 00:01:16]} Rd8 {[%clk 00:45:44]} {[%emt 00:02:25]} 16. g4
{[%clk 01:02:43]} {[%emt 00:07:56]} e5 {[%clk 00:39:57]} {[%emt 00:06:18]} 17.
g5 {[%clk 00:59:59]} {[%emt 00:03:14]} Ng8 {[%clk 00:37:25]} {[%emt 00:03:02]}
18. Qb4 {[%clk 00:59:31]} {[%emt 00:00:58]} b5 {[%clk 00:36:01]} {[%emt
00:01:53]} 19. f4 {[%clk 00:56:22]} {[%emt 00:03:40]} f5 {[%clk 00:31:00]}
{[%emt 00:05:31]} 20. c4 {[%clk 00:50:41]} {[%emt 00:06:11]} Bb7 {[%clk
00:25:04]} {[%emt 00:06:26]} 21. c5 {[%clk 00:47:55]} {[%emt 00:03:15]} dxc5
{[%clk 00:24:06]} {[%emt 00:01:29]} 22. Bxc5+ {[%clk 00:47:15]} {[%emt
00:01:11]} Ke8 {[%clk 00:20:33]} {[%emt 00:04:02]} 23. Bd6 {[%clk 00:47:03]}
{[%emt 00:00:42]} Bf8 {[%clk 00:18:31]} {[%emt 00:02:32]} 24. Nxb5 {[%clk
00:37:10]} {[%emt 00:10:22]} axb5 {[%clk 00:15:52]} {[%emt 00:03:09]} 25. Qxb5+
{[%clk 00:36:56]} {[%emt 00:00:44]} Qc6 {[%clk 00:15:05]} {[%emt 00:01:16]} 26.
Qxe5+ {[%clk 00:37:10]} {[%emt 00:00:17]} Ne7 {[%clk 00:14:02]} {[%emt
00:01:33]} 27. Bb5 {[%clk 00:37:16]} {[%emt 00:00:25]} Qxb5 {[%clk 00:13:02]}
{[%emt 00:01:30]} 28. Qxb5+ {[%clk 00:37:41]} {[%emt 00:00:04]} Bc6 {[%clk
00:13:25]} {[%emt 00:00:08]} 29. Qxb8 {[%clk 00:36:45]} {[%emt 00:01:25]} Rxb8
{[%clk 00:13:46]} {[%emt 00:00:09]} 30. Bxb8 {[%clk 00:37:11]} {[%emt
00:00:04]} Bxe4 {[%clk 00:13:36]} {[%emt 00:00:40]} 31. Rg1 {[%clk 00:37:01]}
{[%emt 00:00:40]} Nc6 {[%clk 00:13:47]} {[%emt 00:00:19]} 32. Bd6 {[%clk
00:37:15]} {[%emt 00:00:13]} Bg7 {[%clk 00:14:06]} {[%emt 00:00:14]} 33. Ba3
{[%clk 00:35:54]} {[%emt 00:01:51]} Bd4 {[%clk 00:13:54]} {[%emt 00:00:42]} 34.
Rg3 {[%clk 00:35:35]} {[%emt 00:00:49]} Kf7 {[%clk 00:12:58]} {[%emt 00:01:25]}
35. b4 {[%clk 00:35:26]} {[%emt 00:00:40]} Bb6 {[%clk 00:12:51]} {[%emt
00:00:28]} 36. Rd6 {[%clk 00:34:39]} {[%emt 00:01:23]} Ke8 {[%clk 00:11:25]}
{[%emt 00:01:58]} 37. b5 {[%clk 00:33:42]} {[%emt 00:01:28]} Ba5+ {[%clk
00:11:40]} {[%emt 00:00:15]} 38. Ke2 {[%clk 00:33:39]} {[%emt 00:00:33]} Nb8
{[%clk 00:10:35]} {[%emt 00:01:34]} 39. Re6+ {[%clk 00:33:37]} {[%emt
00:00:33]} Kd7 {[%clk 00:10:28]} {[%emt 00:00:35]} 40. Re7+ {[%clk 00:33:57]}
{[%emt 00:00:12]} Kc8 {[%clk 00:10:42]} {[%emt 00:00:14]} 41. Rxh7 {[%clk
00:33:52]} {[%emt 00:00:38]} Nd7 {[%clk 00:09:29]} {[%emt 00:01:42]} 42. Rg7
{[%clk 00:33:36]} {[%emt 00:00:46]} Nb6 {[%clk 00:09:28]} {[%emt 00:00:31]} 43.
Rxg6 {[%clk 00:33:37]} {[%emt 00:00:29]} Nd5 {[%clk 00:09:49]} {[%emt
00:00:08]} 44. Rg8+ {[%clk 00:33:02]} {[%emt 00:01:05]} Kd7 {[%clk 00:09:55]}
{[%emt 00:00:24]} 45. Bc1 {[%clk 00:32:03]} {[%emt 00:01:30]} Nc3+ {[%clk
00:08:57]} {[%emt 00:01:28]} 46. Rxc3 {[%clk 00:31:54]} {[%emt 00:00:39]} Bxc3
{[%clk 00:09:19]} {[%emt 00:00:08]} 47. a4 {[%clk 00:31:38]} {[%emt 00:00:46]}
Ba5 {[%clk 00:08:30]} {[%emt 00:01:19]} 48. Rg7+ {[%clk 00:31:53]} {[%emt
00:00:15]} Ke8 {[%clk 00:08:44]} {[%emt 00:00:15]} 49. Bd2 {[%clk 00:32:06]}
{[%emt 00:00:17]} Kf8 {[%clk 00:08:05]} {[%emt 00:01:09]} 50. Rd7 {[%clk
00:31:54]} {[%emt 00:00:41]} Bb6 {[%clk 00:07:58]} {[%emt 00:00:39]} 51. a5
{[%clk 00:32:13]} {[%emt 00:00:11]} Bg1 {[%clk 00:08:06]} {[%emt 00:00:22]} 52.
b6 {[%clk 00:31:53]} {[%emt 00:00:51]} Ke8 {[%clk 00:08:16]} {[%emt 00:00:18]}
53. Rh7 {[%clk 00:32:00]} {[%emt 00:00:23]} Kd8 {[%clk 00:08:30]} {[%emt
00:00:16]} 54. b7 {[%clk 00:32:06]} {[%emt 00:00:25]} Ba7 {[%clk 00:08:53]}
{[%emt 00:00:06]} 55. Be3 {[%clk 00:32:28]} {[%emt 00:00:08]} Bb8 {[%clk
00:09:02]} {[%emt 00:00:22]} 56. Bb6+ {[%clk 00:32:51]} {[%emt 00:00:07]} Ke8
{[%clk 00:08:59]} {[%emt 00:00:33]} 57. a6 {[%clk 00:33:15]} {[%emt 00:00:06]}
Bxf4 {[%clk 00:09:02]} {[%emt 00:00:26]} 58. a7 {[%clk 00:33:25]} {[%emt
00:00:21]} Bxb7 {[%clk 00:09:07]} {[%emt 00:00:24]} 59. Rxb7 {[%clk 00:33:46]}
{[%emt 00:00:09]} Bb8 {[%clk 00:09:23]} {[%emt 00:00:15]} 60. axb8=Q# {[%clk
00:34:07]} {[%emt 00:00:08]} 1-0

[Event "DEM U10 2021"]
[Site "Willingen GER"]
[Date "2021.08.28"]
[Round "9"]
[White "Rohatgi, Kushagra"]
[Black "Nonnenmacher, Philipp"]
[Result "1-0"]
[Termination "normal"]
[Board "10"]
[WhiteElo "1473"]
[BlackElo "1314"]
[WhiteClock "01:03:24"]
[BlackClock "00:50:06"]
[PlyCount "129"]
[WhiteFideId "34603212"]
[BlackFideId "34608869"]
[EventCountry "GER"]
[EventRounds "11"]
[EventType "swiss"]
[EventDate "2021.08.22"]

1. e4 {[%clk 01:15:56]} {[%emt 00:00:03]} e5 {[%clk 01:15:55]} {[%emt
00:00:06]} 2. Nc3 {[%clk 01:16:13]} {[%emt 00:00:13]} Nc6 {[%clk 01:15:19]}
{[%emt 00:01:07]} 3. Bc4 {[%clk 01:16:27]} {[%emt 00:00:14]} g6 {[%clk
01:14:39]} {[%emt 00:01:11]} 4. Qf3 {[%clk 01:16:01]} {[%emt 00:00:56]} Qf6
{[%clk 01:14:25]} {[%emt 00:00:44]} 5. Nd5 {[%clk 01:15:50]} {[%emt 00:00:42]}
Qxf3 {[%clk 01:12:39]} {[%emt 00:02:15]} 6. Nxf3 {[%clk 01:16:10]} {[%emt
00:00:10]} Kd8 {[%clk 01:11:36]} {[%emt 00:01:33]} 7. d3 {[%clk 01:15:54]}
{[%emt 00:00:46]} d6 {[%clk 01:11:08]} {[%emt 00:00:57]} 8. Bg5+ {[%clk
01:15:55]} {[%emt 00:00:29]} Be7 {[%clk 01:10:49]} {[%emt 00:00:50]} 9. Nxe7
{[%clk 01:15:50]} {[%emt 00:00:35]} Ngxe7 {[%clk 01:10:37]} {[%emt 00:00:42]}
10. Bxf7 {[%clk 01:14:33]} {[%emt 00:01:44]} h6 {[%clk 01:10:00]} {[%emt
00:01:11]} 11. Be3 {[%clk 01:13:36]} {[%emt 00:01:24]} Bg4 {[%clk 01:08:46]}
{[%emt 00:01:45]} 12. Bb3 {[%clk 01:11:08]} {[%emt 00:02:59]} Kd7 {[%clk
01:07:03]} {[%emt 00:02:13]} 13. h3 {[%clk 01:11:18]} {[%emt 00:00:20]} Be6
{[%clk 01:06:53]} {[%emt 00:00:41]} 14. d4 {[%clk 01:11:01]} {[%emt 00:00:46]}
Bxb3 {[%clk 01:04:19]} {[%emt 00:03:04]} 15. cxb3 {[%clk 01:11:00]} {[%emt
00:00:31]} exd4 {[%clk 01:04:21]} {[%emt 00:00:28]} 16. Nxd4 {[%clk 01:11:01]}
{[%emt 00:00:27]} Nxd4 {[%clk 01:04:35]} {[%emt 00:00:18]} 17. Bxd4 {[%clk
01:11:18]} {[%emt 00:00:14]} Rhf8 {[%clk 01:03:15]} {[%emt 00:01:49]} 18. Be3
{[%clk 01:10:58]} {[%emt 00:00:50]} h5 {[%clk 01:03:03]} {[%emt 00:00:42]} 19.
Rc1 {[%clk 01:11:06]} {[%emt 00:00:18]} Nc6 {[%clk 01:03:16]} {[%emt 00:00:21]}
20. Ke2 {[%clk 01:10:39]} {[%emt 00:00:56]} Rae8 {[%clk 01:03:28]} {[%emt
00:00:17]} 21. f3 {[%clk 01:09:56]} {[%emt 00:01:15]} a6 {[%clk 01:02:59]}
{[%emt 00:00:59]} 22. Rhd1 {[%clk 01:09:22]} {[%emt 00:01:00]} Kc8 {[%clk
01:03:01]} {[%emt 00:00:32]} 23. a3 {[%clk 01:08:22]} {[%emt 00:01:30]} a5
{[%clk 01:02:33]} {[%emt 00:00:58]} 24. Rd5 {[%clk 01:08:29]} {[%emt 00:00:23]}
Re5 {[%clk 01:02:32]} {[%emt 00:00:30]} 25. Rxe5 {[%clk 01:07:16]} {[%emt
00:01:44]} Nxe5 {[%clk 01:02:24]} {[%emt 00:00:37]} 26. Bb6 {[%clk 01:06:45]}
{[%emt 00:00:59]} Nc6 {[%clk 01:01:36]} {[%emt 00:01:21]} 27. Be3 {[%clk
01:06:40]} {[%emt 00:00:36]} Kd7 {[%clk 01:01:28]} {[%emt 00:00:37]} 28. Bg5
{[%clk 01:06:10]} {[%emt 00:01:00]} Nd4+ {[%clk 01:01:03]} {[%emt 00:00:55]}
29. Ke3 {[%clk 01:05:36]} {[%emt 00:01:03]} Nxb3 {[%clk 01:00:58]} {[%emt
00:00:37]} 30. Rc3 {[%clk 01:05:03]} {[%emt 00:01:01]} Nc5 {[%clk 01:00:08]}
{[%emt 00:01:21]} 31. h4 {[%clk 01:04:40]} {[%emt 00:00:51]} Re8 {[%clk
01:00:11]} {[%emt 00:00:28]} 32. Kf2 {[%clk 01:03:58]} {[%emt 00:01:12]} Rf8
{[%clk 00:59:31]} {[%emt 00:01:11]} 33. Kg3 {[%clk 01:03:47]} {[%emt 00:00:39]}
b6 {[%clk 00:59:22]} {[%emt 00:00:41]} 34. Re3 {[%clk 01:02:49]} {[%emt
00:01:19]} Re8 {[%clk 00:59:13]} {[%emt 00:00:47]} 35. Bf4 {[%clk 01:00:59]}
{[%emt 00:02:19]} Ne6 {[%clk 00:57:32]} {[%emt 00:02:13]} 36. e5 {[%clk
01:00:28]} {[%emt 00:01:02]} Nxf4 {[%clk 00:56:47]} {[%emt 00:01:15]} 37. Kxf4
{[%clk 01:00:44]} {[%emt 00:00:12]} Re6 {[%clk 00:53:35]} {[%emt 00:03:42]} 38.
exd6 {[%clk 01:00:07]} {[%emt 00:01:08]} Rxe3 {[%clk 00:53:19]} {[%emt
00:00:47]} 39. Kxe3 {[%emt 00:00:12]} cxd6 {[%clk 00:52:54]} {[%emt 00:00:49]}
40. Kd4 {[%clk 01:00:43]} {[%emt 00:00:17]} b5 {[%clk 00:51:48]} {[%emt
00:01:37]} 41. Kd5 {[%clk 01:00:53]} {[%emt 00:00:20]} Kc7 {[%clk 00:47:56]}
{[%emt 00:04:20]} 42. g4 {[%clk 01:01:04]} {[%emt 00:00:20]} Kd7 {[%clk
00:46:33]} {[%emt 00:01:53]} 43. gxh5 {[%clk 01:01:14]} {[%emt 00:00:20]} gxh5
{[%clk 00:46:50]} {[%emt 00:00:13]} 44. f4 {[%clk 01:01:05]} {[%emt 00:00:38]}
Ke7 {[%clk 00:47:06]} {[%emt 00:00:15]} 45. b3 {[%clk 01:00:42]} {[%emt
00:00:53]} a4 {[%clk 00:44:27]} {[%emt 00:03:07]} 46. b4 {[%clk 01:00:45]}
{[%emt 00:00:29]} Kf6 {[%clk 00:44:39]} {[%emt 00:00:17]} 47. Kxd6 {[%clk
01:00:45]} {[%emt 00:00:31]} Kf5 {[%clk 00:45:01]} {[%emt 00:00:09]} 48. Kc5
{[%clk 01:01:05]} {[%emt 00:00:10]} Kxf4 {[%clk 00:45:21]} {[%emt 00:00:09]}
49. Kxb5 {[%clk 01:01:28]} {[%emt 00:00:08]} Kg4 {[%clk 00:45:34]} {[%emt
00:00:16]} 50. Kxa4 {[%clk 01:01:22]} {[%emt 00:00:37]} Kxh4 {[%clk 00:45:55]}
{[%emt 00:00:09]} 51. b5 {[%clk 01:01:34]} {[%emt 00:00:17]} Kg4 {[%clk
00:46:19]} {[%emt 00:00:06]} 52. b6 {[%clk 01:01:52]} {[%emt 00:00:13]} h4
{[%clk 00:46:43]} {[%emt 00:00:06]} 53. b7 {[%clk 01:02:12]} {[%emt 00:00:10]}
h3 {[%clk 00:47:06]} {[%emt 00:00:07]} 54. b8=Q {[%clk 01:00:44]} {[%emt
00:00:13]} h2 {[%clk 00:47:26]} {[%emt 00:01:54]} 55. Qxh2 {[%clk 01:01:00]}
{[%emt 00:00:14]} Kf5 {[%clk 00:47:53]} {[%emt 00:00:03]} 56. Kb5 {[%clk
01:01:13]} {[%emt 00:00:17]} Kg6 {[%clk 00:48:08]} {[%emt 00:00:15]} 57. Qh4
{[%clk 01:01:30]} {[%emt 00:00:13]} Kf5 {[%clk 00:48:26]} {[%emt 00:00:12]} 58.
Qd4 {[%clk 01:01:33]} {[%emt 00:00:27]} Kg6 {[%clk 00:48:45]} {[%emt 00:00:11]}
59. Qe5 {[%clk 01:01:51]} {[%emt 00:00:12]} Kh7 {[%clk 00:49:02]} {[%emt
00:00:14]} 60. Qg5 {[%clk 01:02:11]} {[%emt 00:00:09]} Kh8 {[%clk 00:49:22]}
{[%emt 00:00:11]} 61. Kc6 {[%clk 01:02:27]} {[%emt 00:00:14]} Kh7 {[%clk
00:49:07]} {[%emt 00:00:45]} 62. Kd6 {[%clk 01:02:16]} {[%emt 00:00:41]} Kh8
{[%clk 00:49:26]} {[%emt 00:00:10]} 63. Ke7 {[%clk 01:02:38]} {[%emt 00:00:08]}
Kh7 {[%clk 00:49:45]} {[%emt 00:00:11]} 64. Kf7 {[%clk 01:03:00]} {[%emt
00:00:08]} Kh8 {[%clk 00:50:06]} {[%emt 00:00:10]} 65. Qh6+ {[%clk 01:03:24]}
{[%emt 00:00:06]} 1-0

[Event "DEM U10 2021"]
[Site "Willingen GER"]
[Date "2021.08.28"]
[Round "9"]
[White "Peglau, Paul David"]
[Black "Dodul, Arthur"]
[Result "1/2-1/2"]
[Termination "normal"]
[Board "11"]
[WhiteElo "1365"]
[BlackElo "1285"]
[WhiteClock "00:02:36"]
[BlackClock "00:19:49"]
[PlyCount "95"]
[WhiteFideId "16290550"]
[BlackFideId "34609016"]
[EventCountry "GER"]
[EventRounds "11"]
[EventType "swiss"]
[EventDate "2021.08.22"]

1. d4 {[%clk 01:15:39]} {[%emt 00:00:20]} Nf6 {[%clk 01:15:49]} {[%emt
00:00:11]} 2. c4 {[%clk 01:16:00]} {[%emt 00:00:10]} e6 {[%clk 01:16:08]}
{[%emt 00:00:10]} 3. Nc3 {[%clk 01:15:59]} {[%emt 00:00:31]} Bb4 {[%clk
01:16:16]} {[%emt 00:00:21]} 4. e3 {[%clk 01:16:08]} {[%emt 00:00:22]} Bxc3+
{[%clk 01:16:32]} {[%emt 00:00:14]} 5. bxc3 {[%clk 01:16:24]} {[%emt 00:00:14]}
b6 {[%clk 01:16:28]} {[%emt 00:00:33]} 6. Ba3 {[%clk 01:15:48]} {[%emt
00:01:07]} d6 {[%clk 01:13:30]} {[%emt 00:03:27]} 7. Nf3 {[%clk 01:13:20]}
{[%emt 00:02:58]} O-O {[%clk 01:12:08]} {[%emt 00:01:53]} 8. Qc2 {[%clk
01:09:49]} {[%emt 00:04:01]} Bb7 {[%emt 00:03:28]} 9. Bd3 {[%clk 01:07:24]}
{[%emt 00:02:11]} h6 {[%clk 01:08:52]} {[%emt 00:01:31]} 10. Ke2 {[%clk
01:03:14]} {[%emt 00:04:41]} c5 {[%clk 01:07:18]} {[%emt 00:02:04]} 11. Rhd1
{[%clk 01:00:39]} {[%emt 00:03:05]} Nc6 {[%emt 00:04:41]} 12. Rab1 {[%clk
00:55:24]} {[%emt 00:02:27]} Qe7 {[%emt 00:02:45]} 13. Rb2 {[%clk 00:53:15]}
{[%emt 00:02:23]} Rad8 {[%clk 01:03:39]} {[%emt 00:01:15]} 14. Rdb1 {[%clk
00:52:20]} {[%emt 00:01:26]} Na5 {[%clk 01:02:57]} {[%emt 00:01:11]} 15. h3
{[%clk 00:48:10]} {[%emt 00:04:40]} Ba6 {[%emt 00:03:12]} 16. Nd2 {[%clk
00:47:30]} {[%emt 00:01:07]} Rfe8 {[%clk 00:56:48]} {[%emt 00:03:59]} 17. g4
{[%clk 00:46:55]} {[%emt 00:01:08]} Nd7 {[%clk 00:55:33]} {[%emt 00:01:43]} 18.
f4 {[%clk 00:46:55]} {[%emt 00:00:32]} f5 {[%clk 00:53:17]} {[%emt 00:02:46]}
19. Rg1 {[%clk 00:42:15]} {[%emt 00:05:09]} Qh4 {[%clk 00:47:29]} {[%emt
00:06:14]} 20. gxf5 {[%clk 00:40:49]} {[%emt 00:02:01]} exf5 {[%clk 00:47:38]}
{[%emt 00:00:20]} 21. Bxf5 {[%clk 00:39:13]} {[%emt 00:02:08]} Nxc4 {[%clk
00:45:49]} {[%emt 00:02:18]} 22. Nxc4 {[%clk 00:35:50]} {[%emt 00:03:53]} Bxc4+
{[%clk 00:46:09]} {[%emt 00:00:10]} 23. Kd1 {[%clk 00:34:52]} {[%emt 00:01:27]}
Rxe3 {[%clk 00:45:26]} {[%emt 00:01:12]} 24. Qg2 {[%clk 00:26:21]} {[%emt
00:09:01]} Qf6 {[%clk 00:44:37]} {[%emt 00:01:12]} 25. Qg4 {[%clk 00:24:48]}
{[%emt 00:02:12]} Be6 {[%clk 00:43:06]} {[%emt 00:01:52]} 26. Bxe6+ {[%clk
00:23:13]} {[%emt 00:02:14]} Rxe6 {[%clk 00:43:21]} {[%emt 00:00:15]} 27. f5
{[%clk 00:22:36]} {[%emt 00:01:07]} Re7 {[%clk 00:42:28]} {[%emt 00:01:20]} 28.
Rbg2 {[%clk 00:22:02]} {[%emt 00:01:07]} Rf8 {[%clk 00:39:44]} {[%emt
00:03:09]} 29. Bc1 {[%clk 00:17:59]} {[%emt 00:04:38]} Rff7 {[%clk 00:38:29]}
{[%emt 00:01:42]} 30. Qg6 {[%clk 00:16:12]} {[%emt 00:02:19]} Nf8 {[%clk
00:35:06]} {[%emt 00:03:52]} 31. Qxh6 {[%clk 00:10:25]} {[%emt 00:06:19]} Qxf5
{[%clk 00:34:50]} {[%emt 00:00:45]} 32. Qxd6 {[%clk 00:09:03]} {[%emt
00:01:53]} Qf3+ {[%clk 00:33:39]} {[%emt 00:01:40]} 33. Kc2 {[%clk 00:08:28]}
{[%emt 00:01:06]} Re2+ {[%clk 00:33:05]} {[%emt 00:01:04]} 34. Rxe2 {[%clk
00:08:06]} {[%emt 00:00:52]} Qxe2+ {[%clk 00:32:46]} {[%emt 00:00:48]} 35. Bd2
{[%clk 00:07:13]} {[%emt 00:01:24]} c4 {[%clk 00:31:31]} {[%emt 00:01:44]} 36.
Qg3 {[%clk 00:06:43]} {[%emt 00:01:01]} Qe4+ {[%clk 00:30:00]} {[%emt
00:02:00]} 37. Kc1 {[%clk 00:06:45]} {[%emt 00:00:29]} Qe2 {[%clk 00:28:48]}
{[%emt 00:01:41]} 38. Bh6 {[%clk 00:04:42]} {[%emt 00:02:34]} Rf1+ {[%clk
00:27:06]} {[%emt 00:02:11]} 39. Rxf1 {[%clk 00:04:48]} {[%emt 00:00:24]} Qxf1+
{[%clk 00:27:27]} {[%emt 00:00:10]} 40. Kc2 {[%clk 00:04:10]} {[%emt 00:01:07]}
Qd3+ {[%clk 00:27:18]} {[%emt 00:00:38]} 41. Qxd3 {[%clk 00:04:27]} {[%emt
00:00:14]} cxd3+ {[%clk 00:27:40]} {[%emt 00:00:09]} 42. Kxd3 {[%clk 00:04:48]}
{[%emt 00:00:09]} gxh6 {[%clk 00:28:01]} {[%emt 00:00:09]} 43. Kc4 {[%clk
00:05:05]} {[%emt 00:00:14]} Kf7 {[%clk 00:25:39]} {[%emt 00:02:50]} 44. Kb5
{[%clk 00:04:59]} {[%emt 00:00:37]} Ke6 {[%clk 00:25:23]} {[%emt 00:00:46]} 45.
Kc6 {[%clk 00:05:11]} {[%emt 00:00:18]} Nd7 {[%clk 00:25:08]} {[%emt 00:00:43]}
46. c4 {[%clk 00:05:15]} {[%emt 00:00:27]} h5 {[%clk 00:24:10]} {[%emt
00:01:28]} 47. a4 {[%clk 00:03:05]} {[%emt 00:02:41]} h4 {[%clk 00:19:49]}
{[%emt 00:04:50]} 48. Kc7 {[%clk 00:02:36]} {[%emt 00:01:00]} 1/2-1/2